00484nam a22001337a 4500003000900000005001700009008004100026040001300067245004800080250001100128260004700139300001900186520014500205IT-RoPau20220918175943.0130306b xxu||||| |||| 00| 0 eng d cIT-RoPau aRatio formationis da Sociedade São Paulo. a1° ed aSão Paulo.bcasa Generalícia SSPc1990 a113 pp.c18 cm aĺndice Apresentação Siglas Premissa Cap. 1: Nosso carisma Cap. 2: Processo de formação paulina Cap. 3: As etapas da formação